SMM7 reviewed (Record no. 91254)

MARC details
000 -LEADER
fixed length control field 00749cam a2200229 4500
008 - FIXED-LENGTH DATA ELEMENTS--GENERAL INFORMATION
fixed length control field 090401t1988 xxu||||| |||| 00| 0 eng d
020 ## - INTERNATIONAL STANDARD BOOK NUMBER
International Standard Book Number 0632022183
035 ## - SYSTEM CONTROL NUMBER
System control number (Sirsi) u43132
041 0# - LANGUAGE CODE
Language code of text/sound track or separate title eng
050 04 - LIBRARY OF CONGRESS CALL NUMBER
Classification number 692.3 $2 18
110 2# - MAIN ENTRY--CORPORATE NAME
Corporate name or jurisdiction name as entry element Dearle and Henderson
9 (RLIN) 3128
245 00 - TITLE STATEMENT
Title SMM7 reviewed
260 ## - PUBLICATION, DISTRIBUTION, ETC.
Place of publication, distribution, etc. Oxford
Name of publisher, distributor, etc. BSP Professional Books
Date of publication, distribution, etc. 1988
300 ## - PHYSICAL DESCRIPTION
Extent 368, [10]p.
Dimensions 24cm.
350 ## - PRICE (NR) (BK AM CF MU VM SE) [OBSOLETE]
Price 14.95
520 ## - SUMMARY, ETC.
Summary, etc. Useful guide for practitioners which explains the requirements of SMM7 by comparison with former procedures.
650 24 - SUBJECT ADDED ENTRY--TOPICAL TERM
Topical term or geographic name entry element STANDARD METHOD OF MEASUREMENT (SEVENTH EDITION)
651 #4 - SUBJECT ADDED ENTRY--GEOGRAPHIC NAME
Geographic name United Kingdom
Chronological subdivision
690 ## - LOCAL SUBJECT ADDED ENTRY--TOPICAL TERM (OCLC, RLIN)
Topical term or geographic name as entry element BUILT ENVIRONMENT-QUANTITY SURVEYING-STANDARD METHOD OF MEASUREMENT
942 ## - ADDED ENTRY ELEMENTS (KOHA)
Suppress in OPAC 0
948 ## - LOCAL PROCESSING INFORMATION (OCLC); SERIES PART DESIGNATOR (RLIN)
c (OCLC) 04/03/1997
Holdings
Withdrawn status Lost status Source of classification or shelving scheme Damaged status Not for loan Home library Current library Shelving location Date acquired Cost, normal purchase price Total Checkouts Full call number Barcode Date last seen Date last checked out Copy number Cost, replacement price Price effective from Koha item type Public note
    Dewey Decimal Classification     London London Basement 11/08/1993 14.95 7 692.3 30039335 06/08/2019 11/02/2009 1 14.95 06/08/2019 Book Old edition